Kalkulace a strukturní analýza

Saved in:
Bibliographic Details
Main Author: Vysušil, Jiří
Other Authors: Macík, Karel
Format: Book
Language:Czech
Published: Praha Inst. říz. 1985
Edition:1. vyd.
Tags: Add Tag
No Tags, Be the first to tag this record!

MARC

LEADER 00000nam a2200000 4500
001 c024774
005 20221220075556.1
041 0 |a cze 
044 |a CZ 
245 1 0 |a Kalkulace a strukturní analýza  |c Jiří Vysušil, Karel Macík 
250 |a 1. vyd. 
264 1 |a Praha  |b Inst. říz.  |c 1985 
300 |a 263 s. 
100 1 |a Vysušil, Jiří 
700 1 |a Macík, Karel